000 00760nam a22002297a 4500
003 OSt
005 20140310181917.0
008 130716t xxu||||| |||| 00| 0 eng d
020 _a0764170279
050 _aPC 2121
_b.L455 1997
082 _aTR 448.3421
_bL51 1997
100 _aLeete, Elisabeth Bourquin
_91098
245 _aLearn French the fast and fun way /
_cElisabeth Bourquin Leete
260 _aWoodbury, N.Y :
_bBarron's Educational Series, Inc,
_cc1997.
300 _a250 p.
_bill. ; , col. ;
_c25 cm.
521 _aFaculty
541 _j1
562 _e1
650 _2French language--Conversation and phrase books--English
650 _2French language--Textbooks for foreign speakers--English
942 _2lcc
_cBK-TR
_kTR
999 _c6807
_d6807